Lord of the Rings Elves by Picture - Statistics

General Stats
  • This quiz has been taken 102 times
  • The average score is 6 of 7
Answer Stats
Picture Answer % Correct
Galadriel
100%
Legolas
100%
Elrond
98%
Arwen
95%
Celeborn
88%
Thranduil
84%
Haldir
82%
No matching quizzes found
Score Distribution
Percent of People with Each Score
Percentile by Number Answered
Your Score History
You have not taken this quiz